自贡市知识测验 Zigong city quiz - Statistics

General Stats
  • This quiz has been taken 24 times
    17 since last reset
  • The average score is 14 of 20
Answer Stats
问题 答案 % Correct
“自贡”名字来源于两个市辖区名,“自”指 自流井区
93%
“自贡”名字来源于两个市辖区名,“贡”指 贡井区
93%
上两个区的名字都各自指代的是一座什么设施 盐井
93%
自贡市的车牌代码 川C
93%
上题河流属于哪个(长江一级支流)水系? 沱江
86%
作为川菜一支,自贡菜有自己的专门称呼 {盐帮}菜
86%
上述深井位于的市辖区 大安区
79%
上题答案的长江一级支流汇入长江处有那座城市? 泸州
79%
关于古生物的旅游招牌 恐龙化石
79%
自贡人对这种肉类的喜爱在全国无出其右
79%
关于年度节庆活动的旅游招牌 灯会
64%
出身自贡的“美食作家”,川菜厨师,视频博主 王刚
64%
与广西某县读音完全重合的县级行政区 荣县
64%
市区中央穿城而过的河流 釜溪河
57%
著名的蘸水豆花,配合米饭食用 {富顺}豆花
57%
自贡市的本科高校 四川{轻化工}大学
57%
自贡人对上题肉类最著名的做法(菜式) 冷吃兔
50%
1835年凿成的世界第一口人工钻凿的超千米深井 燊(shen1)海井
50%
距离自贡市区最近的民航机场(并非位于自贡市境内;答专名或全名) 宜宾五粮液机场
43%
毕业于上述大学的国内知名电子竞技毒奶解说,“自贡超人” 黄旭东
29%
No matching quizzes found
Score Distribution
Percent of People with Each Score
Percentile by Number Answered
Your Score History
You have not taken this quiz since the last reset